| 000 | 01569nam a22001937a 4500 | ||
|---|---|---|---|
| 005 | 20220721103907.0 | ||
| 007 | |||
| 008 | 220404b ||||| |||| 00| 0 eng d | ||
| 020 | _a 9781452240046 | ||
| 050 | _aJF1341.F78(3e) | ||
| 245 |
_aMastering public administration : from Max Weber to Dwight Waldo / _cBrian R. Fry and Jos C. N. Raadschelders. |
||
| 250 | _a3rd ed. | ||
| 260 |
_aLondon : _bSage Publishers, _c2014. |
||
| 300 |
_axi, 488 p. : _bill. ; _c23 cm. |
||
| 500 | _aIncludes index. | ||
| 505 | _aContents:Max Weber: The process of rationalization -- The legacy of max weber in contemporary scholarship -- Frederick W.Taylor in contemporary scholarship -- Lutheter H. Gulick: The integrated executive -- The legacy of luther H. Gulick in contemporary scholarship -- Elton Mayo: The human relations approach -- The legacy of Elton Mayo in contemporary scholarship -- Elton mayo: The human relations approach -- The legacy of Elton mayo in contemporary scholarship -- Chester Barnard: Oganisations as systems of exchange -- Herbert A.Simon: A decision making perspective -- The legacy of herbert A.Simon in contemporary scholarship -- The Legacy of herbert A. Simon in contemporary scholarship -- Charles E.Lindblom: Probing the policy process -- The legacy of charles E. Lindblom in contemporary scholarship -- Dwight waldo: An Electric view of public administration -- The legacy of Dwight waldo in contemporary scholarship -- The Study of public administration: Origins,development ,nature. | ||
| 700 | _aRaadschelders, Jos C. N. | ||
| 942 |
_2lcc _cBK |
||
| 999 |
_c8959 _d16459 |
||